000 00327 a2200145 4500
001 169773
020 _a
040 _cMagnum
100 _a-
240 1 0 _aEl pais semanal/14 de octubre de 2001
_lESP
245 1 0 _aEl pais semanal/14 de octubre de 2001
362 0 _a1899
697 _aLITERATURA ESTRANGEIRA
942 _cBK
999 _c169773
_d169773